[Event "De Corse op"]
[Site "Bastia"]
[Date "2000.11.03"]
[Round "5"]
[White "Shneider, Aleksandr"]
[Black "Anand, Viswanathan"]
[Result "1/2-1/2"]
[WhiteElo "2542"]
[BlackElo "2762"]
[PlyCount "43"]
[EventDate "2000.11.02"]
[EventType "swiss (rapid)"]
[EventRounds "7"]
[EventCountry "FRA"]
[SourceTitle "EXT 2001"]
[Source "ChessBase"]
[SourceDate "2000.11.22"]
[SourceVersion "1"]
[SourceVersionDate "2000.11.22"]
[SourceQuality "1"]

1. d4 Nf6 2. c4 e6 3. Nf3 b6 4. g3 Ba6 5. b3 Bb4+ 6. Bd2 Be7 7. Bg2 c6 8. Bc3
d5 9. Ne5 Nfd7 10. Nxd7 Nxd7 11. Nd2 O-O 12. O-O Rc8 13. e4 c5 14. exd5 exd5
15. dxc5 dxc4 16. c6 cxb3 17. Re1 b2 18. Bxb2 Nc5 19. Ba3 Bf6 20. Bxc5 bxc5 21.
Rc1 Bb5 22. Rxc5 1/2-1/2

[Event "De Corse op"]
[Site "Bastia"]
[Date "2000.11.03"]
[Round "6"]
[White "Anand, Viswanathan"]
[Black "Lazarev, Vladimir"]
[Result "1-0"]
[WhiteElo "2762"]
[BlackElo "2478"]
[PlyCount "109"]
[EventDate "2000.11.02"]
[EventType "swiss (rapid)"]
[EventRounds "7"]
[EventCountry "FRA"]
[SourceTitle "EXT 2001"]
[Source "ChessBase"]
[SourceDate "2000.11.22"]
[SourceVersion "1"]
[SourceVersionDate "2000.11.22"]
[SourceQuality "1"]

1. d4 d5 2. c4 dxc4 3. e3 Nf6 4. Bxc4 e6 5. Nf3 c5 6. O-O a6 7. dxc5 Qxd1 8.
Rxd1 Bxc5 9. Be2 Ke7 10. Nbd2 Rd8 11. b3 b6 12. Bb2 Bb7 13. Ne5 b5 14. a4 Bb4
15. Rac1 Ne8 16. Nd3 Bd6 17. Nc5 Bxc5 18. Rxc5 Nd7 19. Rcc1 bxa4 20. bxa4 f6
21. e4 Kf7 22. f3 Rac8 23. Nb3 Rb8 24. Na5 Ba8 25. Bd4 Nb6 26. Bxb6 Rxd1+ 27.
Rxd1 Rxb6 28. Rd7+ Kf8 29. Ra7 Bc6 30. Nxc6 Rxc6 31. Rxa6 Rc2 32. Kf2 Nc7 33.
Rb6 Rc5 34. Rb2 Ke7 35. Ra2 Ra5 36. Ke3 Kd6 37. Kd4 e5+ 38. Kc4 Ne6 39. Kb4 Ra8
40. a5 Rb8+ 41. Kc3 Nd4 42. Bc4 Kc5 43. a6 Ra8 44. Bd5 Ra7 45. Bb7 Nb5+ 46. Kd3
Nd6 47. Rc2+ Kb5 48. Rc7 g5 49. Rxh7 Kb6 50. g3 Kc5 51. h4 gxh4 52. gxh4 Nxb7
53. axb7 Ra3+ 54. Kc2 Rd3 55. Kxd3 1-0

[Event "Corsica Masters 4th"]
[Site "Bastia"]
[Date "2000.11.05"]
[Round "1.1"]
[White "Chernin, Alexander"]
[Black "Anand, Viswanathan"]
[Result "1/2-1/2"]
[WhiteElo "2572"]
[BlackElo "2762"]
[PlyCount "56"]
[EventDate "2000.11.05"]
[EventType "k.o. (rapid)"]
[EventRounds "3"]
[EventCountry "FRA"]
[SourceTitle "EXT 2001"]
[Source "ChessBase"]
[SourceDate "2000.11.22"]
[SourceVersion "1"]
[SourceVersionDate "2000.11.22"]
[SourceQuality "1"]

1. d4 d5 2. Nf3 Nf6 3. c4 c6 4. e3 Bf5 5. Bd3 Bxd3 6. Qxd3 e6 7. O-O Nbd7 8.
Nc3 Bb4 9. Bd2 Be7 10. Rfd1 O-O 11. e4 dxe4 12. Nxe4 a5 13. h3 a4 14. Bc3 Nxe4
15. Qxe4 Nf6 16. Qe2 Re8 17. Ne5 Nd7 18. Ng4 Nf6 19. Ne5 Nd7 20. d5 exd5 21.
cxd5 Bf6 22. dxc6 bxc6 23. Qg4 Bxe5 24. Rxd7 Qf6 25. Bxe5 Qxe5 26. Qd4 Qxd4 27.
Rxd4 a3 28. bxa3 Rxa3 1/2-1/2

[Event "Corsica Masters 4th"]
[Site "Bastia"]
[Date "2000.11.05"]
[Round "3.2"]
[White "Drazic, Sinisa"]
[Black "Anand, Viswanathan"]
[Result "0-1"]
[WhiteElo "2508"]
[BlackElo "2762"]
[PlyCount "74"]
[EventDate "2000.11.05"]
[EventType "k.o. (rapid)"]
[EventRounds "3"]
[EventCountry "FRA"]
[SourceTitle "EXT 2001"]
[Source "ChessBase"]
[SourceDate "2000.11.22"]
[SourceVersion "1"]
[SourceVersionDate "2000.11.22"]
[SourceQuality "1"]

1. d4 d5 2. Bg5 h6 3. Bh4 c6 4. e3 Qb6 5. b3 e5 6. Nf3 e4 7. Nfd2 Be7 8. Bg3
Be6 9. Be2 Nf6 10. O-O O-O 11. c4 Qd8 12. Nc3 Bd6 13. Bxd6 Qxd6 14. Rb1 Nbd7
15. a4 a5 16. c5 Qe7 17. Rb2 Rfb8 18. Qb1 b6 19. cxb6 Rxb6 20. Rc1 Rab8 21. Bf1
h5 22. Ne2 h4 23. Rbc2 Qd6 24. Nf4 Bf5 25. Rc5 g5 26. Ne2 Nf8 27. Qc2 Bd7 28.
Rxa5 Ng4 29. g3 Qf6 30. Nxe4 dxe4 31. Nc3 hxg3 32. hxg3 Qh6 33. Bg2 Rxb3 34.
Nxe4 Rb2 35. Rxg5+ Ng6 36. Qc5 Qh2+ 37. Kf1 Nxe3+ 0-1

[Event "FIDE-Wch k.o."]
[Site "New Delhi/Teheran"]
[Date "2000.11.30"]
[Round "2.1"]
[White "Bologan, Viktor"]
[Black "Anand, Viswanathan"]
[Result "1/2-1/2"]
[WhiteElo "2641"]
[BlackElo "2762"]
[Annotator "Gershon,A"]
[PlyCount "53"]
[EventDate "2000.11.27"]
[EventType "k.o."]
[EventRounds "7"]
[EventCountry "IND"]
[SourceTitle "CBM 081"]
[Source "ChessBase"]
[SourceDate "2001.03.20"]
[SourceVersion "1"]
[SourceVersionDate "2001.03.20"]
[SourceQuality "1"]

1. e4 c5 2. Nf3 Nc6 3. Bb5 g6 4. Bxc6 dxc6 5. d3 Bg7 6. h3 Nf6 7. Nc3 Nd7 (7...
O-O 8. Be3 Nd7 9. Qd2 b5 $2 (9... e5 $142 10. h4 (10. Bh6 Bxh6 11. Qxh6 f6 12.
O-O-O Rf7 13. Qe3 b6 14. Nh2 Nf8 15. f4 exf4 16. Qxf4 Ne6 17. Qe3 Nd4 18. Nf3
Be6 19. Rhf1 Nxf3 20. Rxf3 Qd4 21. Qe1 Rd8 22. Kb1 Kg7 23. Ne2 Qe5 24. Re3 Rfd7
$15 {1/2-1/2 Brodsky,M-Bogachkov,I/St Petersburg RUS 2000/The Week in Chess
314 (41)}) (10. O-O Qe7 (10... Re8 11. Nh2 Qe7 12. Bh6 Bh8 13. Ng4 Nf8 14. Bg5
f6 15. Nh6+ Kg7 16. Be3 Ne6 17. Ne2 Ng5 18. Ng4 h5 19. Nh2 Rd8 20. Qc3 Ne6 21.
f4 Nd4 22. Rae1 Kh7 23. Nf3 Be6 24. fxe5 fxe5 25. Ng5+ $14 {1-0 Adams,
M-Kramnik,V/Dortmund GER 2000/The Week in Chess 296 (50)}) 11. Rae1 Rd8 12. b3
Nf8 13. Nh2 Ne6 14. Ng4 Nf4 15. f3 h5 16. Nh2 Be6 17. Ne2 g5 18. Ng3 Kh7 19.
Nf5 Bxf5 20. exf5 Qd7 21. Bxc5 Qxf5 22. Be3 Rd7 $11 {1-0 Skripchenko,
A-Stankovic,M/Kragujevac YUG 2000/The Week in Chess 320 (47)}) 10... h5 11. Ng5
Qe7 12. f3 Re8 13. O-O-O Nf8 14. Qf2 b6 15. Rdg1 f5 16. g3 Bd7 17. Re1 Nh7 18.
Bd2 Qf8 19. Rhf1 Nxg5 20. Bxg5 Qf7 21. Qg1 c4 22. dxc4 Qxc4 23. Qe3 Bf8 24. Qe2
$11 {1-0 Van Mil,J-Koch,T/BL2 0001 2001/Chess-International (43)}) 10. Bh6 e5 (
10... Nb6 {A bit too optimistic... Although white's attack does not succeed
too often, black shouldn't completely ignore it.} 11. h4 b4 12. Bxg7 Kxg7 13.
Ne2 Bg4 14. h5 Bxf3 15. hxg6 hxg6 16. Qh6+ Kf6 17. gxf3 Rh8 18. Qf4+ Kg7 19.
O-O-O $16 {1-0 Kalegin,E-Khamidulin,A/St Petersburg 1996/CBM 56 ext (27)}) 11.
a4 $1 b4 {[%csl Rc4]} 12. Nd1 b3 $2 (12... Re8 $142 13. Bxg7 Kxg7 14. b3 Nf8
15. Ne3 f6 $14) 13. Bxg7 Kxg7 14. cxb3 f6 15. Ne3 Qb6 16. Qc3 $16 {1-0 Sulskis,
S-Holmsten,A/Linares 2001/CBM 81_01/[Gershon] (26)}) 8. Be3 b6 9. Qd2 e5 (9...
h6 10. O-O e5 11. a3 Ba6 12. b4 Qe7 13. Nh2 c4 14. d4 Rd8 15. Rad1 Nf6 16. Qc1
O-O 17. Rfe1 Kh7 18. Nf3 exd4 19. Bxd4 Bc8 20. e5 Nd5 21. Ne4 $14 {1-0
Gormally,D-Quinn,M/York ENG 2000/The Week in Chess 320 (62)}) 10. Bh6 O-O 11.
O-O-O Re8 {[%cal Gd7f8,Gf8e6,Ye6d4,Ye6f4] This is one of the most critical
positions in this whole setup - whether white has a promising attack or balck
holds the position on the K side and then his perspectives are not worse.} 12.
g4 {[%cal Gc3e2,Ge2g3] The natural way to continue, but the drawback is
obvious as well} (12. h4 Nf8 13. h5 Qf6 14. hxg6 (14. Bg5 Qd6) 14... hxg6 (
14... fxg6 $143 {[%csl Re5]}) 15. Rh4 (15. Bxg7) 15... Bxh6 16. Qxh6 Qg7 17.
Rdh1 Qxh6+ 18. Rxh6 f6 $11 {[%cal Gc8e6,Ga7a5]}) 12... Nf8 {[%csl Rf4]} 13. Ne2
a5 14. Rdg1 $6 (14. Bxg7 $5 Kxg7 15. g5 $14) 14... Bf6 $1 {[%cal Gf8e6]} (14...
Ne6 $143 15. Bxg7 Nxg7 16. h4 $36 {[%csl Re5,Rg7] black has problems getting
his N back from g7.}) 15. Bg5 (15. g5 Bh8 16. h4 Ne6 17. h5 Nd4 $132 {[%csl
Rh6][%cal Ga8a7,Ga7h7] White's attack looks a bit stuck}) 15... Ne6 16. Bxf6
Qxf6 $11 17. Rg3 Rd8 {[%cal Gc5c4]} 18. g5 Qg7 19. Nh2 Nf8 {Black doesn't want
to risk, making sure white doesn't get his N to 'f6'} (19... c4 $5 20. Ng4 cxd3
21. cxd3 Ba6 22. h4 Nc5 23. Nf6+ Kh8 24. Rhh3 Bc8 25. h5 Bxh3 26. Rxh3 gxh5 27.
f4 $40) 20. Qc3 Be6 21. Ng4 {After this the draw is obvious.} Bxg4 22. Rxg4 a4
23. a3 Ne6 24. h4 Nd4 25. Nxd4 Rxd4 26. h5 Ra7 27. Rgh4 {Neither side can make
progress.} 1/2-1/2

[Event "FIDE-Wch k.o."]
[Site "New Delhi/Teheran"]
[Date "2000.12.07"]
[Round "4.2"]
[White "Anand, Viswanathan"]
[Black "Macieja, Bartlomiej"]
[Result "1-0"]
[WhiteElo "2762"]
[BlackElo "2536"]
[Annotator "Ftacnik,L"]
[PlyCount "69"]
[EventDate "2000.11.27"]
[EventType "k.o."]
[EventRounds "7"]
[EventCountry "IND"]
[SourceTitle "CBM 080"]
[Source "ChessBase"]
[SourceDate "2001.01.25"]
[SourceVersion "1"]
[SourceVersionDate "2001.01.25"]
[SourceQuality "1"]

1. e4 c6 2. d4 d5 3. Nc3 dxe4 4. Nxe4 Nd7 5. Bc4 Ngf6 6. Ng5 e6 7. Qe2 Nb6 8.
Bb3 h6 9. N5f3 a5 10. a4 c5 11. Bf4 Bd6 12. Ne5 O-O 13. Ngf3 Nbd5 14. Bg3 Qc7
15. dxc5 Qxc5 16. O-O b6 17. Rfd1 Ba6 18. c4 Rad8 19. Nd4 $1 {Anand inproves
on his own game with Karpov, white pieces in the center make a scary
impression.} (19. Nd3 $2 Bxc4 $1 20. Rac1 Bxd3 21. Qxd3 Nf4 22. Qf1 Qb4 {
0-1 Anand,V-Karpov,A/Monte Carlo/1994/ (76)}) 19... Bxe5 (19... Nb4 20. Nxf7 $1
Rxf7 (20... Bxg3 21. Nxd8 Rxd8 22. Nxe6 Rxd1+ 23. Rxd1 Qe5 24. Qxe5 Bxe5 25. c5
$16) 21. Nxe6 Re7 22. Nxc5 Rxe2 23. Nxa6 Rxb2 24. Nxb4 axb4 25. c5+ Rxb3 26.
cxd6 $16) 20. Bxe5 Nb4 (20... Nf4 21. Bxf4 Rxd4 22. Rxd4 Qxd4 23. Be5 Qe4 24.
Qxe4 Nxe4 25. Bc2 Nf6 26. b3 $14) 21. Nb5 Bxb5 (21... Bb7 22. Bd6 Qc6 23. f3
Rfe8 24. Na7 $16) 22. cxb5 Rxd1+ (22... Qe7 23. Qf3 Rxd1+ 24. Rxd1 Rd8 $14) 23.
Rxd1 Rc8 $2 {[%mdl 128] Macieja was not suspecting, how quickly can Anand work
his way to black's king.} (23... Nbd5 24. Bc4 $14) 24. Bxf6 gxf6 25. Bxe6 $1
fxe6 (25... Re8 26. Qg4+ Qg5 27. f4 Qxg4 28. Bxg4 $18) 26. Qxe6+ Kh8 (26... Kg7
27. Rd7+ Kg6 28. Qf7+ (28. g4 Rf8 29. h4 Qe5 30. Qxb6 $14) 28... Kf5 (28... Kg5
29. h4+ Kf5 (29... Kxh4 30. Qxf6+ Kh5 (30... Qg5 31. Rd4+ Kh5 32. Qf7+ Qg6 33.
Qf3+ $18) 31. Rg7 $18) 30. Rd1 $18) 29. Qh7+ $1 Ke6 (29... Kf4 30. h3 $3 Ke5
31. g4 $18) 30. g4 Rf8 (30... h5 31. Qf7+ Ke5 32. Re7+ $18) 31. Rc7 $18) 27.
Qxf6+ Kg8 28. Qe6+ Kh8 (28... Kf8 29. g4 $1 Re8 30. Qf6+ Kg8 31. Rd7 $18) 29.
Qxh6+ Kg8 30. Qe6+ Kh8 31. h3 (31. Qf6+ Kg8 32. h3 Rf8) 31... Rf8 32. Qh6+ Kg8
33. Qg6+ Kh8 34. Qg3 $1 Qc2 (34... Nc2 35. Rd7 $18) (34... Na2 35. Rd6 Qc1+ 36.
Kh2 Qf4 37. Rxb6 $18) 35. Rd4 1-0

[Event "FIDE-Wch k.o."]
[Site "New Delhi/Teheran"]
[Date "2000.12.20"]
[Round "7.1"]
[White "Shirov, Alexei"]
[Black "Anand, Viswanathan"]
[Result "1/2-1/2"]
[WhiteElo "2746"]
[BlackElo "2762"]
[Annotator "Ftacnik,L"]
[PlyCount "67"]
[EventDate "2000.11.27"]
[EventType "k.o."]
[EventRounds "7"]
[EventCountry "IND"]
[SourceTitle "CBM 080"]
[Source "ChessBase"]
[SourceDate "2001.01.25"]
[SourceVersion "1"]
[SourceVersionDate "2001.01.25"]
[SourceQuality "1"]

1. e4 e6 2. d4 d5 3. e5 c5 4. c3 Nc6 5. Nf3 Qb6 6. a3 a5 7. Bd3 Bd7 8. O-O cxd4
9. cxd4 Nxd4 10. Nxd4 Qxd4 11. Nc3 Qb6 12. Qg4 (12. Kh1 Ne7 13. f4 d4 $1) 12...
g6 $146 {This novelty has not impressed the experts, black has fighting some
serious problems for the extra pawn.} 13. Be3 $1 Bc5 (13... Qd8 14. Nb5 h5 $2
15. Qxg6 $1 $18) (13... Qxb2 $2 14. Bd4 Qd2 15. Rfd1 Qh6 16. Nb5 Rc8 17. Nd6+
Bxd6 18. exd6 e5 (18... f6 19. Bb5 $1 $18) 19. Bb5 Nf6 20. Qe2 $18) 14. Na4 $6
(14. Qf4 $1 Rc8 (14... Ne7 15. Qf6 Rg8 16. Bxc5 Qxc5 17. Rac1 Qb6 18. Rc2 $1 (
18. a4 Rd8 19. Nb5 Bxb5 20. Bxb5+ Kf8)) (14... d4 15. b4 $3 dxe3 16. bxc5 Qxc5
17. Ne4 $18) 15. Na4 $1 Bxa4 (15... Bxe3 16. fxe3 Bxa4 17. Qxa4+ Kf8 18. Rxf7+
$1 Kxf7 19. Qd7+ Ne7 20. Rf1+ $18) 16. Qxa4+ Kd8 (16... Kf8 17. Rac1 $1 $18)
17. Bxc5 Rxc5 18. b4 $14) 14... Bxa4 15. Qxa4+ Kf8 16. Bxc5+ (16. Qf4 Kg7 (
16... Bxe3 17. fxe3 Qc7 18. Rac1 Qe7 19. e4 $1) 17. Bxc5 (17. Rac1 Bxe3 18.
fxe3) 17... Qxc5 18. Rac1 Qb6 19. Rc2 $44) 16... Qxc5 17. Rac1 Qb6 18. Qd7 $1 (
18. Rc2 Ne7 $1 19. Rfc1 Nc6 20. Bb5 Kg7 $11) 18... Rd8 $1 (18... Nh6 19. Rc7
Qxb2 20. Qe7+ (20. Qd6+ $5 Kg8 21. h3 $1) 20... Kg8 21. Qf6 Qxa3 $1 22. Rfc1
Rf8 23. h3 (23. Bb5 Ng4 24. Qg5 Qb2 $1) (23. Be2 Nf5) 23... Qxd3 24. Rc8 Qa3
25. R1c5 Qxc5 26. Rxc5 Nf5 $1 $13) 19. Qc7 Qxc7 20. Rxc7 Rb8 $1 {[%mdl 256]
Anand already sees the contours of counterplay, the position is practically
equal due to the precise defense.} (20... b6 21. Rfc1 Ne7 22. Rb7 Rc8 23. Rxc8+
Nxc8 24. h4 $1 $14) 21. Rfc1 Ne7 22. f4 Nc6 23. Rc5 (23. Bb5 Nd4 24. Bd3 Nc6
$11) 23... Kg7 (23... g5 24. Rb5 $1 (24. g3 gxf4 25. gxf4 Rg8+ 26. Kf2 Rg4 27.
Kf3 Rg7 $1 {f7-f6}) 24... Kg7 (24... Nd4 $6 25. Rxa5 gxf4 26. Ra7 Nc6 27. Raxb7
Rxb7 28. Rxb7 Nxe5 29. Rb8+ $1 Kg7 30. Rxh8 Kxh8 31. Bb5 $1 d4 32. a4 d3 33.
Kf2 Kg7 34. a5 $18) 25. g3 Rhc8 26. Rxc8 Rxc8 27. Rxb7 Nd4 28. Kf2 $14) 24. Rb5
g5 $1 25. g3 h5 $1 {The correct plan, white will have plenty of problems with
pawn structure on the kingside.} 26. Rbxb7 Rxb7 27. Rxb7 h4 28. Kg2 hxg3 (28...
Nd4 $5) 29. hxg3 gxf4 30. gxf4 Rh4 31. Kg3 Rh1 32. Kg2 (32. Bb5 Nd4 33. Be8 Kf8
$1 34. Bxf7 $2 Rh7 $19) (32. Rc7 Nd4 33. b4 Ra1 $1 34. Rc3 axb4 35. axb4 Ra2
$17) 32... Rh4 (32... Rd1 33. Bb5 Nd4 34. Be8) 33. Kg3 Rh1 34. Kg2 (34. Rb6 Nd4
35. b4 $140 $2 Ra1 $19) 1/2-1/2

[Event "FIDE-Wch k.o."]
[Site "New Delhi/Teheran"]
[Date "2000.12.22"]
[Round "7.3"]
[White "Shirov, Alexei"]
[Black "Anand, Viswanathan"]
[Result "0-1"]
[WhiteElo "2746"]
[BlackElo "2762"]
[Annotator "Anand,V"]
[PlyCount "82"]
[EventDate "2000.11.27"]
[EventType "k.o."]
[EventRounds "7"]
[EventCountry "IND"]
[SourceTitle "CBM 081"]
[Source "ChessBase"]
[SourceDate "2001.03.20"]
[SourceVersion "1"]
[SourceVersionDate "2001.03.20"]
[SourceQuality "1"]

1. e4 c5 {In the 1st game, I went for the French Defence. For the 3rd, I
decided to go for the Taimanov. It couldn't have come as a surprise to him,
but I had an idea in a sideline.} 2. Nf3 Nc6 3. d4 cxd4 4. Nxd4 Qc7 5. Nc3 e6
6. Be2 a6 7. O-O Nf6 8. Be3 Bb4 9. Na4 {Following our game in Frankfurt
earlier this year.} Bd6 {The sideline. In particular, Tregubov has been
playing this a lot recently.} 10. g3 b5 (10... Be7 11. c4 {Kasparov-Polgar
Linares 1997. The problem is that g3 is a useful extra move in lines where
Black takes on e4. Therefore, Black is restricted to playing the Maroczy with
d6 as Judit did.}) 11. Nb6 (11. Nxc6 Qxc6 12. Nb6 Bb7 13. Nxa8 Qxe4 14. Bf3
Qxf3 15. Qxf3 Bxf3 {Is fine for Black.}) 11... Rb8 12. Nxc8 Rxc8 13. a4 Nxd4
14. Bxd4 e5 15. Be3 Bc5 16. axb5 {A novelty. I had checked the position after
16.Bxc5 but assumed that the doubled e-pawns were more than enough ~/= for a
pawn.} Bxe3 17. fxe3 axb5 18. Bxb5 O-O 19. Rxf6 {I was taken aback by this
sacrifice. I hadn't expected him to play it since he was a pawn up and could
begin consolidating it with Bd3} (19. Bd3 Qb6 20. Qc1 Ra8 {Black seems to have
enough compensation here.}) 19... gxf6 20. Bxd7 $6 (20. c4 {Had White played
this, then the game would have continued normally. Probably Black can generate
enough play on the a-file, but he isn't better at all.}) 20... Ra8 $1 {Alexei
said that he had missed this move.} 21. Qg4+ $2 {The real mistake.} (21. Rxa8 {
Not the easiest move to make - you don't sacrifice the exchange to grovel back
to d3 - but it was time to change tack.} Rxa8 22. Bb5 $1 {The bishop belongs
on d3 where it holds the pawn structure together.} Ra2 23. Bd3 Rxb2 24. Kg2 {
I think White should still hold.}) 21... Kh8 {The problem for White is that
his bishop is misplaced now - it can't trace its's way back to d3} 22. Rf1 Rg8
$1 {This dislocates White's queen.} 23. Qh3 $2 (23. Qf5 $1 Rg6 24. Qh3 Qc5 $1 (
24... Qxc2 25. Bf5 Rg7 26. Qh6 $1) 25. Bf5 Qxe3+ 26. Kh1 Rg7 27. Qh5 {Still
offered White compensation.}) 23... Qc5 $1 {Going for the e-pawn. The c and b
pawns will fall anyway.} 24. Bf5 $2 (24. Re1 {White should have protected his
e-pawn so as to force the black rook to g7} Qxc2 25. Bf5 Rg7 26. Qg2 $1) 24...
Qxe3+ 25. Kg2 h6 {Suddenly Black doesn't have to maroon his rook on g7, so he
saves a lot of time.} 26. Qh5 Kg7 27. Qg4+ Qg5 28. Qf3 Rgd8 {Now Black can
take his king to f8 if necessary without blocking his rook.} 29. h4 Qd2+ 30.
Kh3 (30. Rf2 Qd1) 30... Rd6 ({Naturally not} 30... Qxc2 $4 31. Be6 $1 $18) 31.
Rf2 (31. Kg4 {Trying to get the king to h5 with queens on the board.} Qxc2 32.
Kh5 Qd3 $1 33. Qg4+ Kh8 {Followed by Rg8 and exchanging queens.}) 31... Qd1 32.
Kg4 $6 (32. Qg4+ {Would have gained a tempo.}) 32... Ra2 33. Qxd1 Rxd1 {
Black simply rounds up the remaining pawns.} 34. c4 Rb1 35. Rd2 Raxb2 36. Rd7
Rb7 37. Rd6 (37. c5 {Alexei was short of time, but with this move he could
have saved his c-pawn.} Rxd7 38. Bxd7 Rb4 $1 39. Kf3 $8 {Any bishop move loses
the c-pawn.} (39. Kf5 h5 $1 {White is now forced to play g4}) 39... Kf8 $19)
37... Rc7 38. Kh5 Rc1 39. g4 R7xc4 40. Rd7 Rc7 41. Rd8 (41. Rxc7 {Loses anyway.
}) 41... Rh1 {Black now threatens Rc7-c2-h2xh4 mate! Alexei resigned. The rook
vs bishop was lost as well.  This victory gave me a two point lead. I tried
not to get euphoric and spent the rest day preparing for a big fight in round
4.} (41... Rh1 42. Rd7 {The only chance.} Rxd7 43. Bxd7 {If Black could
exchange rooks with the bishop trapped on f5, then he could win by zugzwang.
However, here the daigonal a8-d5 is long enough.} Rc1 44. Bb5 {However, Black
has a nice winning plan.} Rc8 $1 45. Ba6 Rh8 46. Bb5 Kf8 47. Ba6 Ke7 48. Bc4
Rh7 $1 {Now Black goes over to f4.} 49. Bd5 Kd6 50. Bc4 (50. Bxf7 Rxf7 51. Kxh6
Ke7 {Loses}) 50... Kc5 51. Bd5 (51. Bxf7 Rxf7 52. Kxh6 Kd4 $19) 51... Kd4 52.
Ba8 Ke3 53. Bb7 Kf4 54. Bc6 Rg7 $19 {Wins as well}) 0-1